| 000 | 00342nam a22001217a 4500 | ||
|---|---|---|---|
| 082 | _aP-510 | ||
| 100 |
_aAHMED HASSAN (SYN LDR) _948291 |
||
| 245 | _aTraffic Impact Study New Benazir Bhutto International Airport Islamabad | ||
| 526 |
_a0 _b0 _c0 _dP_510 |
||
| 650 | _aProject | ||
| 700 |
_aDr Muhammad Bilal Khurshid _916538 |
||
| 942 |
_2ddc _cBK |
||
| 999 |
_c551280 _d551280 |
||